000 00456nam a2200145Ia 4500
008 230917s9999||||xx |||||||||||||| ||und||
040 _e176943
_aMAIN
041 _aEnglish
082 _a891.43172109 SS24A:SH
100 _aशर्मा, हरिमोहन
245 0 _aअग्नि सागर से गुजरते हुवे
260 _aदिल्ली
_bसूर्य प्रभा
_c1997
300 _a104 p.
942 _cHN
999 _c108195
_d108195